00933nam a2200265 i 4500001000300000003000400003005001700007008004100024015001700065020001500082040001400097080001800111100003900129245008300168260005500251300004100306490003700347504003600384650001900420650002300439700003000462710004100492830003600533856009800569bgBPK20200805121430.0971113s1987 pl a |001 0 pol  aPB 1988/1613 a8320409128 aWA NcBPK a621.37.049.771 aKorzec, Zdzisławd(1929- )eAutor10aUkłady z pojemnościami przełączanymi /cZdzisław Korzec, Zygmunt Ciota. aWarszawa :bWydawnictwa Naukowo-Techniczne,c1987. a246, [2] s. :brys., wykr. ;c24 cm.1 aUkłady i Systemy Elektroniczne. aBibliogr. s. 237-245. - Indeks. 4aUkład scalony 4aFiltry elektryczne1 aCiota, Zygmuntd(1949- ).2 aWydawnictwa Naukowo-Techniczne4pbl. 0aUkłady i Systemy Elektroniczne uhttp://koha.tu.koszalin.pl/cgi-bin/koha/opac-detail.pl?biblionumber=23861yKatalog online BPK